Principles of Managerial Finance (Record no. 1657)

MARC details
000 -LEADER
fixed length control field 00451nam a22001817a 4500
005 - DATE AND TIME OF LATEST TRANSACTION
control field 20180719153518.0
008 - FIXED-LENGTH DATA ELEMENTS--GENERAL INFORMATION
fixed length control field 160525b xxu||||| |||| 00| 0 eng d
020 ## - INTERNATIONAL STANDARD BOOK NUMBER
ISBN 81-7808-357-4
041 ## - LANGUAGE CODE
Language code of text/sound track or separate title eng
082 ## - DEWEY DECIMAL CLASSIFICATION NUMBER
Item number 4827
Classification number 658.151
100 ## - MAIN ENTRY--AUTHOR NAME
Personal name Gitman, Lawrence J.
245 ## - TITLE STATEMENT
Title Principles of Managerial Finance
250 ## - EDITION STATEMENT
Edition statement 9th ed.
260 ## - PUBLICATION, DISTRIBUTION, ETC. (IMPRINT)
Place of publication New Delhi
Name of publisher Academic Faundation
300 ## - PHYSICAL DESCRIPTION
Number of Pages 860p,
650 ## - SUBJECT ADDED ENTRY--TOPICAL TERM
Topical Term Management
942 ## - ADDED ENTRY ELEMENTS (KOHA)
Koha item type Books
Holdings
Lost status Damaged status Collection code Home library Current library Shelving location Date acquired Cost, normal purchase price Full call number Accession Number Koha item type
    MANAGEMENT JRU Library JRU Library SHELF-60-N 25/05/2016 395.00 658.151 4827 Books